000
00298nam a2200121 a 4500
005
20140414131915.0
008
100915s19uu xx 00 eng d
050
_a
FIC
_b
B81 2003
100
_a
Brown, Jeff
245
_a
Flat Stanley.
260
_a
New York :
_b
Scholastic ,
_c
2003.
999
_c
111417
_d
111417